000 00402pab a2200169 454500
008 180718b1997 xxu||||| |||| 00| 0 eng d
100 _aCaballe, Jordi
245 _aTax evasion and economic growth
260 _c1997
300 _ap.318-40
650 _aEconomic growth
650 _aTax evasion
650 _aTaxation
700 _aPanades, Judith
773 _aPublic Finance
909 _a48753
999 _c48753
_d48753